000 00395nam a2200169Ia 4500
001 8030
003 IN-NITTTR
005 20251114233034.0
008 251113s9999||||xx |||||||||||||| ||eng||
040 _beng
040 _cIN-NITTTR
041 _aeng
082 _a621.38 C632H
100 _aCoates, R. F. W.
245 0 _aModern communication systems. /
_cCoates, R. F. W.
942 _2ddc
_cBK
999 _c10668
_d10668